| 000 | 00805nam a2200193 a 4500 | ||
|---|---|---|---|
| 003 | 0 | ||
| 005 | 20250603142758.0 | ||
| 008 | 030301s19uu xx 00 eng d | ||
| 050 |
_aPHS HV 2391 _b.T36 2001 |
||
| 100 | _aTang, Mariebell. | ||
| 245 |
_aPerceptions of selected hearing-impaired teenagers from Metro Manila on the effects of their impairment on social acceptance / _cMariebell Tang. |
||
| 260 |
_aLas PiƱas City, Philippines : _bSouthville International School and Colleges, _c2001. |
||
| 300 |
_a38 pages ; _c28 cm. |
||
| 504 | _aIncludes bibliographical references. | ||
| 650 |
_aHearing impaired teenagers _zPhilippines _xAttitudes. |
||
| 650 |
_aPeople with hearing disabilities _xSocial conditions _zPhilippines. |
||
| 650 |
_aDeaf teenagers _zPhilippines _xPsychology. |
||
| 942 |
_2lcc _cPASS |
||
| 999 |
_c96448 _d96448 |
||